000 00388nam a22001697a 4500
003 OSt
008 240112b |||||||| |||| 00| 0 eng d
020 _a9788182094864
082 _a658.45 SUF
100 _aSUNDER,K
245 _aEssentials of Business Communication
250 _a-
260 _aChennai
_bVijay Nicole
300 _a309
700 _aRAJ,A KUMARA
942 _2ddc
_cBK
999 _c12162
_d12162